000 01594nam a2200217Ia 4500
003 Ost
005 20260507075004.0
008 260507s9999||||xx |||||||||||||| ||und||
040 _cfsecg
041 _aara
082 _a657
100 _aعبده، جلال حسن
_eمؤلف
245 0 _aالأصول العلمية في القوائم المحاسبية والمالية /
_c جلال حسن عبده
260 _aعمان:
_bدار زهران للطباعة,
_c2006
300 _a317 صفحة؛
_bإيضاحات ؛
_c24 سم
520 _aيضم موازين المراجعة والقوائم المالية المحاسبية ، تحضير الحسابات الختامية ، عرض القوائم المالية المحاسبية ، المبادئ المحاسبية والقوائم المالية ، التسويات الجردية للحسابات الوهمية ، التسويات ومبدأ المقابلة ، التسويات الجردية لحسابات المصروفات ،التسويات الجردية لحسابات الايرادات المحاسبة على الأصول المتداولة ، المحاسبة على النقدية في الصندوق ، الحسابات البنكية ، المحاسبة عن المديونين ، المحاسبة على أوراق القيض ، المحاسبة عن الاستثمارات في الأوراق المالية حسابات المخزون السلعي.
653 _aالمالية العامة- محاسبة
653 _aالمحاسبة الإدارية
653 _aمحاسبة
942 _cكتاب
999 _c42102
_d42102